000 00678cam a22002291 4500
001 ne 66001153
003 DLC
005 20260227111824.0
008 890306s1965 ua b 000 0 ara
010 _ane 66001153
025 _aPL480:UAR-7149
035 _a(OCoLC)19301792
040 _aDLC
_cWaU
_dWaU
_dDLC
042 _apremarc
050 0 0 _aBS580.A3
_bA6
100 1 _aʻAqqād, ʻAbbās Maḥmūd,
_d1889-1964.
245 1 0 _aIbrāhīm, abū al-anbiyāʼ.
_cTaʼlīf ʻAbbās Maḥmūd al-ʻAqqād.
260 _a[al-Qāhirah]
_bDār al-Hilāl
_c[1965]
300 _a206 p.
_c24 cm.
504 _aBibliographical footnotes.
600 0 0 _aAbraham
_c(Biblical patriarch)
999 _c48983
_d48983